01461nam a2200373Ia 4500001001200000003000800012006001900020007001500039008004100054010001700095020004300112020001800155040002100173035002100194050002400215082001800239245011900257246001900376250001200395260005700407300001600464500009200480504005100572533015200623650003100775650001900806655002900825700002100854700002400875700002800899710001700927856012600944999001701070ebr10617409CaPaEBRm u cr cn|||||||||110621s2012 dcu sb 001 0 eng  z 2011026351 z9781585624102 (hardcover : alk. paper) z9781585629794 aCaPaEBRcCaPaEBR a(OCoLC)82081891214aRC504b.A484 2012eb04a616.89/1722300aTextbook of psychoanalysish[electronic resource] /cedited by Glen O. Gabbard, Bonnie E. Litowitz, Paul Williams.1 aPsychoanalysis a2nd ed. aWashington, DC :bAmerican Psychiatric Pub.,cc2012. axvi, 620 p. aRev. ed. of: American Psychiatric Publishing textbook of psychoanalysis. 1st ed. c2005. aIncludes bibliographical references and index. aElectronic reproduction.bPalo Alto, Calif. :cebrary,d2011.nAvailable via World Wide Web.nAccess may be limited to ebrary affiliated libraries. 0aPsychoanalysisvTextbooks. 0aPsychotherapy. 7aElectronic books.2local1 aGabbard, Glen O.1 aLitowitz, Bonnie E.1 aWilliams, Paul,cPh. D.2 aebrary, Inc.40uhttp://site.ebrary.com/lib/rucke/Doc?id=10617409zAn electronic book accessible through the World Wide Web; click to view c54801d54801